Đang tải...

Studying popular music culture /

Popular music is an important part of our everyday life, entertaining, inspiring and even empowering us, but where did it come from, how is it made, what does it mean, and how does it eventually reach our ears? In this new edition, Tim Wall guides students through the many ways we can analyse music...

Mô tả đầy đủ

Chi tiết về thư mục
Tác giả chính: Wall, Tim
Định dạng: Printed Book
Ngôn ngữ:English
Được phát hành: New Delhi: Sage, 2013.
Phiên bản:2nd ed.
Những chủ đề:
LEADER 01462cam a2200313 a 4500
008 120523s2013 enka b 001 0 eng d
010 |a  2012940420 
020 |a 9781446207727 
082 0 4 |a 306.4842  |2 23 
100 1 |a Wall, Tim. 
245 1 0 |a Studying popular music culture /  |c Tim Wall. 
250 |a 2nd ed. 
260 |a New Delhi:  |b Sage,  |c 2013. 
300 |a xv, 320 p. ;  |b ill. :  |c 25 cm. 
500 |a Previous edition: London: Arnold, 2003. 
504 |a Includes bibliographical references (pages [289]-312) and index. 
520 8 |a Popular music is an important part of our everyday life, entertaining, inspiring and even empowering us, but where did it come from, how is it made, what does it mean, and how does it eventually reach our ears? In this new edition, Tim Wall guides students through the many ways we can analyse music and the music industries, highlighting crucial skills and useful research tips. 
650 0 |a Popular music  |x Social aspects. 
650 0 |a Popular culture. 
650 0 |a Music trade. 
650 7 |a Music trade. 
650 7 |a Popular culture. 
650 7 |a Popular music  |x Social aspects. 
942 |c BK 
906 |a 0  |b par  |c copycat  |d 2  |e ncip  |f 20  |g y-gencatlg 
955 |a vl34 2014-10-22 z-client  |i vl34 2014-10-22 
955 |a pc17 2012-05-23 
999 |c 105995  |d 105995 
952 |0 0  |1 0  |4 0  |6 306_484200000000000_WAL_S  |7 0  |9 109338  |a UL  |b UL  |c ST1  |d 2014-12-05  |e 2  |g 1853.22  |l 0  |o 306.4842 WAL/S  |p 93115  |r 2015-04-30  |v 2470.97  |y BK